000 00405nam a2200145Ia 4500
008 100415s9999 xx 000 0 und d
082 _b754
_a574
100 _aBuckland Francis T
245 _aCuriosities of Natural History
260 _aLONDON
_c1888
_bRICHARD BENTLEY AND CO.
365 _b0
630 _aCuriosities of Natural History
730 _aCuriosities of Natural History
942 _cBOOK
999 _c583821
_d583818